000 00957nam a2200301Ia 4500
001 18832
003 IT-RoPAU
008 130308s9999 xx 000 0 und d
040 _aIT-RoPAU
040 _cIT-RoPAU
041 _aFRANCESE
100 _aFrancois Frederic
100 _gCodice Aut. SPICS: 6466
245 _aCaracteres generaux du langage
245 _bLangage (Le)
250 _a2a ed.
260 _aPARIS
260 _bGallimard
260 _c1973 [1° Ed.:1968 - Ed.Ling.Originale:1968]
300 _a"26 p. (prefazione: no ; testo: 26 [pagine: 20-45])"
500 _aCaratteri Generali del Linguaggio Segno Linguistico carattere vocale del Linguaggio carattere Discreto delle Unità Linguistiche Prima Articolazione doppia Articolazione Economia Fonologica Economia Sintattica e Semantica
650 _aLINGUISTICA
650 _eCodice materia Spics: 3201
942 _cBK
957 _71
999 _c39151
_d39151
999 _bSI
999 _g1